रक्त पिपासू मुर्ती जेम्स हॅडले चेस (Record no. 173301)

MARC details
000 -LEADER
fixed length control field 00759nam a2200193Ia 4500
008 - FIXED-LENGTH DATA ELEMENTS--GENERAL INFORMATION
fixed length control field 090124s9999 xx 000 0 und d
082 ## - DEWEY DECIMAL CLASSIFICATION NUMBER
Item number 127212
100 ## - MAIN ENTRY--PERSONAL NAME
Personal name चेस जेम्स हॅडले
245 ## - TITLE STATEMENT
Title रक्त पिपासू मुर्ती जेम्स हॅडले चेस
250 ## - EDITION STATEMENT
Edition statement 1
260 ## - PUBLICATION, DISTRIBUTION, ETC. (IMPRINT)
Date of publication, distribution, etc 1996
300 ## - PHYSICAL DESCRIPTION
Extent 235
600 ## - SUBJECT ADDED ENTRY--PERSONAL NAME
Personal name चेस जेम्स हॅडले
630 ## - SUBJECT ADDED ENTRY--UNIFORM TITLE
Uniform title रक्त पिपासू मुर्ती जेम्स हॅडले चेस
700 ## - ADDED ENTRY--PERSONAL NAME
Personal name गुजर अनिल
700 ## - ADDED ENTRY--PERSONAL NAME
Personal name चेस जेम्स हॅडले
730 ## - ADDED ENTRY--UNIFORM TITLE
Uniform title रक्त पिपासू मुर्ती जेम्स हॅडले चेस
942 ## - ADDED ENTRY ELEMENTS (KOHA)
Koha item type Book
Holdings
Withdrawn status Lost status Damaged status Not for loan Home library Current library Date acquired Cost, normal purchase price Total Checkouts Full call number Barcode Date last seen Cost, replacement price Price effective from Koha item type
        Marathi Granth Sangrahalaya,Thane Marathi Granth Sangrahalaya,Thane   135.00   127212 THNMGS-127212 01/24/2009 135.00 01/24/2009 Book